[Event "WchT Blitz Pool D"]
[Site "London"]
[Date "2025.06.14"]
[Round "13.5"]
[White "Derlich, Sarah Sima"]
[Black "Kaliakhmet, Elnaz"]
[Result "0-1"]
[WhiteElo "1926"]
[BlackElo "2218"]
[PlyCount "72"]
[EventDate "2025.06.14"]
[EventType "team-tourn"]
[EventRounds "13"]
[EventCountry "ENG"]
[SourceTitle "CB25_2025"]
[SourceDate "2025.06.18"]
[SourceVersion "1"]
[SourceVersionDate "2025.06.18"]
[SourceQuality "1"]
[WhiteTeam "Danish Futures"]
[BlackTeam "KazChess"]
[WhiteTeamCountry "DEN"]
[BlackTeamCountry "KAZ"]

1. e4 e5 2. Nf3 Nc6 3. Bc4 Nf6 4. d3 Be7 5. 0-0 0-0 6. c3 d5 7. exd5 Nxd5 8. Re1 Bg4 9. h3 Bh5 10. a4 Kh8 11. Nbd2 f5 12. Qc2 Qd6 13. Ba2 Nf4 14. d4 Qg6 15. g3 Nxh3+ 16. Kf1 e4 17. Nh2 Bd6 18. Nc4 Bxg3 19. fxg3 Qxg3 20. Qg2 Qd3+ 21. Re2 f4 22. Bb1 Qxc4 23. Bxe4 Bxe2+ 24. Qxe2 Qxe2+ 25. Kxe2 Rae8 26. Kd3 Nf2+ 27. Ke2 Nxe4 28. Kf3 Ng5+ 29. Kf2 f3 30. Bxg5 Re2+ 31. Kg3 Rg2+ 32. Kh3 Rxg5 33. Rf1 f2 34. Ng4 Rf4 35. Nxf2 Rf6 36. Re1 Rh6# 0-1

[Event "WchT Blitz Pool D"]
[Site "London"]
[Date "2025.06.14"]
[Round "6.5"]
[White "Kaliakhmet, Elnaz"]
[Black "Cujba, Anca Claudia"]
[Result "1-0"]
[WhiteElo "2218"]
[BlackElo "1741"]
[PlyCount "56"]
[EventDate "2025.06.14"]
[EventType "team-tourn"]
[EventRounds "13"]
[EventCountry "ENG"]
[SourceTitle "CB25_2025"]
[SourceDate "2025.06.18"]
[SourceVersion "1"]
[SourceVersionDate "2025.06.18"]
[SourceQuality "1"]
[WhiteTeam "KazChess"]
[BlackTeam "Rey Ahogado"]
[WhiteTeamCountry "KAZ"]
[BlackTeamCountry "ESP"]

1. d4 Nf6 2. c4 g6 3. Nc3 Bg7 4. e4 d6 5. h3 0-0 6. Be3 a5 7. g4 e5 8. d5 Na6 9. Nge2 Nc5 10. Ng3 Ne8 11. Qc2 Qh4 12. Qd2 h6 13. 0-0-0 Bd7 14. Kb1 a4 15. Be2 Kh7 16. g5 f5 17. gxf6 Nxf6 18. Qc2 Ne8 19. Rdg1 Qd8 20. Bg4 Nf6 21. Bxd7 Qxd7 22. Rh2 c6 23. Rhg2 b5 24. dxc6 Qxc6 25. cxb5 Qb7 26. f3 Rfc8 27. Nge2 g5 28. Qd2 a3 1-0

[Event "WchT Rapid"]
[Site "London"]
[Date "2025.06.13"]
[Round "12.5"]
[White "Gong, Qianyun"]
[Black "Kaliakhmet, Elnaz"]
[Result "0-1"]
[WhiteElo "2220"]
[BlackElo "2238"]
[PlyCount "96"]
[EventDate "2025.06.11"]
[EventType "team-swiss"]
[EventRounds "12"]
[EventCountry "ENG"]
[SourceTitle "CB25_2025"]
[SourceDate "2025.06.18"]
[SourceVersion "1"]
[SourceVersionDate "2025.06.18"]
[SourceQuality "1"]
[WhiteTeam "Theme Int Trading"]
[BlackTeam "KazChess"]
[WhiteTeamCountry "SIN"]
[BlackTeamCountry "KAZ"]

1. e4 e5 2. Nf3 Nc6 3. Bc4 Nf6 4. d3 Be7 5. Nc3 d6 6. a3 0-0 7. h3 Be6 8. Nd5 a5 9. 0-0 a4 10. Ba2 Bd7 11. Ne3 h6 12. Re1 Re8 13. c3 Bf8 14. Nh4 Be6 15. Nef5 Bxa2 16. Rxa2 Kh7 17. Qf3 g6 18. Ne3 Bg7 19. g3 Qd7 20. Kh2 Na5 21. Ra1 c6 22. Bd2 d5 23. Rad1 Nb3 24. Nf1 Nxd2 25. Rxd2 Rad8 26. Qd1 b5 27. Qc2 h5 28. Rdd1 Qc7 29. Ne3 Rd7 30. c4 bxc4 31. dxc4 d4 32. Neg2 Qa7 33. Rd3 Rb7 34. Re2 Reb8 35. Qc1 Bh6 36. f4 Nd7 37. Rf3 exf4 38. Nxf4 Ne5 39. Rff2 Nd3 40. Qf1 Nxf2 41. Rxf2 Rxb2 42. Ne2 Kg8 43. Rf3 R8b3 44. Ng2 d3 45. Nef4 d2 46. Rd3 Rb1 47. Rd8+ Kh7 48. Qe2 Qg1# 0-1

[Event "KAZ-ch (Women)"]
[Site "Astana"]
[Date "2025.05.26"]
[Round "7"]
[White "Kaliakhmet, Elnaz"]
[Black "Balabayeva, Kseniya"]
[Result "1/2-1/2"]
[WhiteElo "2258"]
[BlackElo "2311"]
[PlyCount "208"]
[EventDate "2025.05.21"]
[EventType "tourn"]
[EventRounds "13"]
[EventCountry "KAZ"]
[SourceTitle "CB24_2025"]
[SourceDate "2025.06.11"]
[SourceVersion "1"]
[SourceVersionDate "2025.06.11"]
[SourceQuality "1"]

1. d4 d5 2. c4 e6 3. Nc3 Nf6 4. Bg5 Be7 5. e3 Nbd7 6. Nf3 h6 7. Bh4 0-0 8. Rc1 c6 9. Bd3 dxc4 10. Bxc4 b5 11. Bd3 Bb7 12. 0-0 Rc8 13. a3 a5 14. Ne5 b4 15. axb4 axb4 16. Bxf6 bxc3 17. Bxe7 Qxe7 18. Rxc3 Nxe5 19. dxe5 c5 20. Qc2 Rfd8 21. Rc1 Rd5 22. b4 Rxe5 23. bxc5 Bc6 24. f4 Rd5 25. Bh7+ Kh8 26. Be4 Rdd8 27. h3 Rc7 28. Bxc6 Rxc6 29. Qe4 Rdc8 30. Qe5 Kh7 31. Kh2 R8c7 32. e4 Rc8 33. Rc4 R8c7 34. Qc3 Qh4 35. e5 Qe7 36. Qd3+ g6 37. Qc3 h5 38. Qa3 Kg7 39. R1c2 Rc8 40. Ra4 R8c7 41. Ra5 h4 42. Qb4 Qf8 43. Rb5 Qe7 44. Rc4 Kh7 45. Qc3 Kg7 46. Qa3 Rc8 47. Ra5 R8c7 48. Qb4 Rb7 49. Qa4 Rbc7 50. Qb5 Qd7 51. Qb3 Qd2 52. Ra2 Qe1 53. Rac2 Rd7 54. Qc3 Qd1 55. Rc1 Qd3 56. Qe1 Rd4 57. Rxd4 Qxd4 58. Qxh4 Rxc5 59. Qf6+ Kg8 60. Rb1 Qd7 61. Rb8+ Rc8 62. Rb6 Qc7 63. Rd6 Qc2 64. Rd7 Rf8 65. h4 Qe2 66. Qg5 Re8 67. Qf6 Rf8 68. Qg5 Re8 69. Rd8 Rxd8 70. Qxd8+ Kg7 71. Qf6+ Kg8 72. Qg5 Kf8 73. Qg3 Qh5 74. Qa3+ Kg7 75. Kg3 Qd1 76. Qe3 Qb1 77. Qe2 Qc1 78. Qg4 Qe3+ 79. Kh2 Kf8 80. Qg3 Qe2 81. Kh3 Qd1 82. Qf2 Qd3+ 83. Kh2 Qd1 84. Kg3 Kg7 85. Qf3 Qe1+ 86. Kg4 Qb1 87. Qe2 Qf5+ 88. Kg3 Kf8 89. Qf3 Ke8 90. Kh2 Kf8 91. g4 Qc2+ 92. Qg2 Qc1 93. Qf2 Qd1 94. Kg3 Qd3+ 95. Qf3 Qd4 96. h5 gxh5 97. gxh5 Kg7 98. Qg4+ Kh7 99. Kh4 Qd8+ 100. Qg5 Qd4 101. Qg3 Qe4 102. Qg4 Kh6 103. Qg5+ Kh7 104. Qg3 Kh6 1/2-1/2

[Event "KAZ-ch (Women)"]
[Site "Astana"]
[Date "2025.05.21"]
[Round "1"]
[White "Kaliakhmet, Elnaz"]
[Black "Kamarova, Zhanbota"]
[Result "1/2-1/2"]
[WhiteElo "2258"]
[BlackElo "1954"]
[PlyCount "88"]
[EventDate "2025.05.21"]
[EventType "tourn"]
[EventRounds "13"]
[EventCountry "KAZ"]
[SourceTitle "CB24_2025"]
[SourceDate "2025.06.11"]
[SourceVersion "1"]
[SourceVersionDate "2025.06.11"]
[SourceQuality "1"]

1. d4 Nf6 2. c4 e6 3. Nf3 d5 4. Nc3 Be7 5. Bf4 0-0 6. e3 b6 7. Bd3 Ba6 8. cxd5 Bxd3 9. Qxd3 exd5 10. 0-0 c6 11. Rac1 Nbd7 12. Ne2 c5 13. dxc5 bxc5 14. Nc3 c4 15. Qc2 Nc5 16. Rcd1 Nd3 17. Bg3 Qa5 18. Ne5 Nxe5 19. Bxe5 Rfd8 20. Rd4 Rd7 21. Rfd1 Rad8 22. e4 Nxe4 23. Nxe4 dxe4 24. Qxe4 Rxd4 25. Rxd4 Rxd4 26. Bxd4 Qxa2 27. g3 Bf8 28. Qa8 Qa1+ 29. Kg2 Qa5 30. Qxa7 Qd5+ 31. Kg1 h6 32. h4 Bd6 33. Bc3 Be5 34. Bxe5 Qxe5 35. Qb6 Kh7 36. Qb7 Qe6 37. Kg2 h5 38. Qf3 g6 39. Qe3 Qd5+ 40. Kh2 Kg7 41. Qc3+ Kg8 42. Qe3 Kg7 43. Qc3+ Kg8 44. Qe3 Kg7 1/2-1/2

[Event "Asia-ch (Women)"]
[Site "Al Ain"]
[Date "2025.05.15"]
[Round "9"]
[White "Frayna, Janelle Mae"]
[Black "Kaliakhmet, Elnaz"]
[Result "1/2-1/2"]
[WhiteElo "2314"]
[BlackElo "2258"]
[PlyCount "112"]
[EventDate "2025.05.07"]
[EventType "swiss"]
[EventRounds "9"]
[EventCountry "UAE"]
[SourceTitle "CB21_2025"]
[SourceDate "2025.05.21"]
[SourceVersion "1"]
[SourceVersionDate "2025.05.21"]
[SourceQuality "1"]

1. e4 c5 2. Nc3 e6 3. g3 d5 4. Nf3 Nc6 5. exd5 exd5 6. d4 Bg4 7. Bg2 Nxd4 8. h3 Bxf3 9. Bxf3 Nxf3+ 10. Qxf3 Nf6 11. Bg5 Be7 12. 0-0-0 0-0 13. Bxf6 Bxf6 14. Nxd5 Bd4 15. h4 Re8 16. c3 Be5 17. Rhe1 Qd6 18. Ne3 Qh6 19. Rd7 Qe6 20. Qd5 b6 21. Qxe6 Rxe6 22. Nc4 Bf4+ 23. Kd1 Rxe1+ 24. Kxe1 Re8+ 25. Kd1 Bb8 26. Kd2 Kf8 27. a4 Re7 28. Rd8+ Re8 29. Rxe8+ Kxe8 30. Kd3 Kd7 31. b4 cxb4 32. cxb4 Kc6 33. Ne3 b5 34. a5 Bd6 35. Kc3 Be5+ 36. Kd3 Bd6 37. Nc2 Kd5 38. g4 a6 39. f3 g6 40. h5 f6 41. hxg6 hxg6 42. Kc3 Be5+ 43. Kd3 Bd6 44. Ne3+ Ke5 45. Nc2 Kf4 46. Kd4 Kxf3 47. Kd5 Be5 48. Kc6 Ke2 49. Kb6 Kd2 50. Kxa6 Kxc2 51. Kxb5 f5 52. gxf5 gxf5 53. a6 Bd4 54. Kc4 Ba7 55. Kd5 f4 56. Ke4 Kc3 1/2-1/2

[Event "Asia-ch (Women) Blitz"]
[Site "Al Ain"]
[Date "2025.05.10"]
[Round "7"]
[White "Kaliakhmet, Elnaz"]
[Black "Buyankhishig, Batpelden"]
[Result "1-0"]
[WhiteElo "2258"]
[BlackElo "2081"]
[PlyCount "97"]
[EventDate "2025.05.10"]
[EventType "swiss (blitz)"]
[EventRounds "9"]
[EventCountry "UAE"]
[SourceTitle "CB20_2025"]
[SourceDate "2025.05.14"]
[SourceVersion "1"]
[SourceVersionDate "2025.05.14"]
[SourceQuality "1"]

1. d4 d5 2. c4 e6 3. Nf3 Nf6 4. Nc3 Be7 5. g3 0-0 6. Bg2 Nbd7 7. 0-0 c6 8. Qd3 Re8 9. b3 b6 10. e4 dxe4 11. Nxe4 Nxe4 12. Qxe4 Bb7 13. Ne5 Nxe5 14. dxe5 Rb8 15. Be3 c5 16. Qg4 Bxg2 17. Kxg2 Qc7 18. Qf4 h6 19. h4 Rbd8 20. Rad1 Rxd1 21. Rxd1 Rd8 22. Rxd8+ Qxd8 23. Qe4 Qd7 24. Qa8+ Bf8 25. Kh2 Qc7 26. Bf4 Qd7 27. Qb8 Qd4 28. Be3 Qd7 29. a3 h5 30. b4 cxb4 31. axb4 g6 32. c5 Kg7 33. cxb6 axb6 34. Qxb6 Qd5 35. Qb8 Be7 36. b5 f6 37. exf6+ Bxf6 38. Qc7+ Kg8 39. b6 Be5 40. Qc8+ Kf7 41. b7 Qe4 42. b8Q Bxb8 43. Qxb8 e5 44. Qc7+ Ke6 45. Qb6+ Kf5 46. Qd6 Qc2 47. Qd7+ Ke4 48. Qe6 Kf3 49. Qxe5 1-0

[Event "Asia-ch (Women) Blitz"]
[Site "Al Ain"]
[Date "2025.05.10"]
[Round "9"]
[White "Kaliakhmet, Elnaz"]
[Black "Lagno, Kateryna"]
[Result "1-0"]
[WhiteElo "2258"]
[BlackElo "2516"]
[PlyCount "137"]
[EventDate "2025.05.10"]
[EventType "swiss (blitz)"]
[EventRounds "9"]
[EventCountry "UAE"]
[SourceTitle "CB20_2025"]
[SourceDate "2025.05.14"]
[SourceVersion "1"]
[SourceVersionDate "2025.05.14"]
[SourceQuality "1"]

1. d4 Nf6 2. c4 e6 3. Nf3 d5 4. Nc3 Be7 5. g3 0-0 6. Bg2 Nc6 7. cxd5 exd5 8. 0-0 Re8 9. Bf4 Nh5 10. Bd2 Bf8 11. Rc1 h6 12. a3 Ne7 13. Ne5 Nf6 14. Bf4 Nh5 15. Bd2 c6 16. b4 a6 17. a4 Nf6 18. Qb3 Nf5 19. e3 Bd6 20. Nd3 b5 21. Ne2 Bd7 22. axb5 axb5 23. Nc5 Bxc5 24. dxc5 Ne4 25. Bc3 Nxc3 26. Qxc3 Qg5 27. h4 Qe7 28. Nd4 Nxd4 29. Qxd4 Bf5 30. Ra1 h5 31. Rxa8 Rxa8 32. Ra1 Rxa1+ 33. Qxa1 Bd7 34. Qa8+ Kh7 35. Qb7 g6 36. Qc7 Qe6 37. Kh2 Kg7 38. Qf4 Qe7 39. Qd4+ Qf6 40. Kg1 Qxd4 41. exd4 Bf5 42. Kf1 Kf6 43. Ke2 Bg4+ 44. Ke3 Bd7 45. Kf4 Be6 46. Bf3 Bd7 47. Be2 Be6 48. Bd3 Bg4 49. f3 Bd7 50. g4 Bc8 51. Bc2 Bd7 52. Bd3 Bc8 53. g5+ Ke7 54. Ke5 Bd7 55. f4 Bg4 56. f5 gxf5 57. Bxf5 Be2 58. Bc8 Bd3 59. Bf5 Be2 60. Bc2 Bg4 61. Bf5 Be2 62. g6 fxg6 63. Bxg6 Bg4 64. Bd3 Bd1 65. Bf5 Be2 66. Kf4 Bd1 67. Kg5 Be2 68. Bg6 Kf8 69. Bxh5 1-0

[Event "Asia-ch (Women)"]
[Site "Al Ain"]
[Date "2025.05.08"]
[Round "2"]
[White "Kaliakhmet, Elnaz"]
[Black "Ananya, Raman"]
[Result "1/2-1/2"]
[WhiteElo "2258"]
[BlackElo "1904"]
[PlyCount "63"]
[EventDate "2025.05.07"]
[EventType "swiss"]
[EventRounds "9"]
[EventCountry "UAE"]
[SourceTitle "CB21_2025"]
[SourceDate "2025.05.21"]
[SourceVersion "1"]
[SourceVersionDate "2025.05.21"]
[SourceQuality "1"]

1. d4 Nf6 2. c4 c6 3. Nc3 d5 4. Nf3 e6 5. e3 Nbd7 6. Be2 Bd6 7. 0-0 0-0 8. b3 b6 9. Bb2 Bb7 10. Bd3 c5 11. cxd5 Nxd5 12. Nxd5 Bxd5 13. e4 Bb7 14. d5 exd5 15. exd5 Be7 16. Qc2 h6 17. Rad1 Bf6 18. Bc4 Re8 19. Rfe1 Rxe1+ 20. Rxe1 Bxb2 21. Qxb2 Nf6 22. Qe5 Qd7 23. Qc3 Bxd5 24. Rd1 Qb7 25. Bxd5 Nxd5 26. Qc4 Nf6 27. h3 Re8 28. a4 Qe4 29. Qc3 Qc6 30. Qc4 Qe6 31. Qd3 Qe2 32. Qxe2 1/2-1/2

[Event "Almaty zt 3.4 (Women)"]
[Site "Almaty"]
[Date "2025.04.05"]
[Round "5"]
[White "Nurmanova, Alua"]
[Black "Kaliakhmet, Elnaz"]
[Result "1-0"]
[WhiteElo "2347"]
[BlackElo "2178"]
[PlyCount "67"]
[EventDate "2025.04.02"]
[EventType "swiss"]
[EventRounds "9"]
[EventCountry "KAZ"]
[SourceTitle "CB15_2025"]
[SourceDate "2025.04.09"]
[SourceVersion "1"]
[SourceVersionDate "2025.04.09"]
[SourceQuality "1"]

1. e4 e5 2. Nf3 Nc6 3. d4 exd4 4. Nxd4 Nf6 5. Nxc6 bxc6 6. e5 Qe7 7. Qe2 Nd5 8. h4 Qe6 9. g3 d6 10. c4 Nb6 11. Bg2 dxe5 12. Nc3 Bb4 13. Bd2 0-0 14. b3 Bb7 15. 0-0 Rab8 16. Rfe1 Rfe8 17. Ne4 c5 18. Ng5 Qf5 19. Bxb7 Rxb7 20. Bxb4 cxb4 21. Rad1 Rbb8 22. c5 h6 23. Qf3 Qg6 24. cxb6 hxg5 25. bxa7 Rbc8 26. hxg5 Qxg5 27. Rd7 Qg6 28. Rc1 c5 29. Rcd1 e4 30. Qf4 e3 31. fxe3 Rf8 32. Rb7 Qc2 33. Rf1 Qg6 34. Rb8 1-0

[Event "Wch U20 Girls 41st"]
[Site "Petrovac"]
[Date "2025.03.07"]
[Round "11"]
[White "Kaliakhmet, Elnaz"]
[Black "Liuviann, Cecilia Natalie"]
[Result "1/2-1/2"]
[WhiteElo "2242"]
[BlackElo "1964"]
[PlyCount "73"]
[EventDate "2025.02.25"]
[EventType "swiss"]
[EventRounds "11"]
[EventCountry "MNE"]
[SourceTitle "CB11_2025"]
[SourceDate "2025.03.12"]
[SourceVersion "1"]
[SourceVersionDate "2025.03.12"]
[SourceQuality "1"]

1. c4 Nf6 2. Nc3 d5 3. cxd5 Nxd5 4. Nf3 g6 5. e4 Nb6 6. d4 Bg7 7. Be2 0-0 8. Be3 Bg4 9. Qd3 Nc6 10. Rd1 e6 11. h3 Bxf3 12. Bxf3 f5 13. e5 Qd7 14. h4 Rad8 15. Qf1 f4 16. Bxc6 Qxc6 17. Bc1 Rd7 18. Rh3 Rfd8 19. Rhd3 Qc4 20. b3 Qb4 21. a3 Qxb3 22. Bxf4 Qxa3 23. Bg5 Re8 24. Qe2 Qb4 25. Kf1 c5 26. dxc5 Rxd3 27. Qxd3 Qxc5 28. f4 Rf8 29. Bf6 Bxf6 30. Ne4 Qc4 31. Nxf6+ Kg7 32. Qxc4 Nxc4 33. Rd7+ Rf7 34. Rd8 Rf8 35. Rd7+ Rf7 36. Rd8 Rf8 37. Rd7+ 1/2-1/2

[Event "Wch U20 Girls 41st"]
[Site "Petrovac"]
[Date "2025.03.05"]
[Round "9"]
[White "Kaliakhmet, Elnaz"]
[Black "Nguyen, Thien Ngan"]
[Result "1/2-1/2"]
[WhiteElo "2242"]
[BlackElo "1923"]
[PlyCount "163"]
[EventDate "2025.02.25"]
[EventType "swiss"]
[EventRounds "11"]
[EventCountry "MNE"]
[SourceTitle "CB11_2025"]
[SourceDate "2025.03.12"]
[SourceVersion "1"]
[SourceVersionDate "2025.03.12"]
[SourceQuality "1"]

1. d4 d5 2. c4 e6 3. Nf3 Nf6 4. Nc3 c5 5. cxd5 Nxd5 6. e4 Nxc3 7. bxc3 cxd4 8. cxd4 Bb4+ 9. Bd2 Bxd2+ 10. Qxd2 0-0 11. Bc4 Nd7 12. 0-0 b6 13. Rfe1 Bb7 14. Rad1 Rc8 15. Bb3 h6 16. h3 Nf6 17. Qd3 Qc7 18. Re3 Rfd8 19. Ne5 Nd7 20. Nxd7 Rxd7 21. d5 Rcd8 22. Qe2 Kh7 23. Qg4 exd5 24. exd5 g6 25. Qf3 Qd6 26. Re4 Kg7 27. Qd3 Qf6 28. Rd4 Rd6 29. Qe3 Qg5 30. Qc3 Qe5 31. R1d3 Rc8 32. Qd2 Rc5 33. Re3 Qf6 34. Rf3 Qe5 35. Re3 Qf6 36. f4 Rc1+ 37. Kh2 Rf1 38. Ree4 Bc8 39. Qe2 Rc1 40. Re5 Bf5 41. Qe3 Rc5 42. Re8 Bd7 43. Ra8 a5 44. Ra7 a4 45. Bxa4 Bxa4 46. Rdxa4 Rcxd5 47. Rb7 Rd4 48. Rxd4 Rxd4 49. a3 h5 50. Qe5 Rxf4 51. Qxf6+ Rxf6 52. h4 Rc6 53. Kg3 Rc3+ 54. Kf2 Rc2+ 55. Kf3 Rb2 56. a4 Rb4 57. g3 g5 58. hxg5 Kg6 59. Ra7 Kxg5 60. a5 Rb3+ 61. Kf2 Kg4 62. axb6 Rb2+ 63. Ke3 Rb3+ 64. Kf2 Rb2+ 65. Ke3 Rxb6 66. Rxf7 Kxg3 67. Rg7+ Kh3 68. Kf2 h4 69. Kg1 Rb1+ 70. Kf2 Kh2 71. Rg4 h3 72. Rg8 Rb2+ 73. Kf1 Rg2 74. Rh8 Rg5 75. Rf8 Ra5 76. Kf2 Ra1 77. Rh8 Ra2+ 78. Kf1 Ra4 79. Rf8 Rg4 80. Kf2 Kh1 81. Rh8 h2 82. Rf8 1/2-1/2

[Event "Wch U20 Girls 41st"]
[Site "Petrovac"]
[Date "2025.03.03"]
[Round "7"]
[White "Kaliakhmet, Elnaz"]
[Black "Zeliantsova, Kseniya"]
[Result "1-0"]
[WhiteElo "2242"]
[BlackElo "1999"]
[PlyCount "79"]
[EventDate "2025.02.25"]
[EventType "swiss"]
[EventRounds "11"]
[EventCountry "MNE"]
[SourceTitle "CB11_2025"]
[SourceDate "2025.03.12"]
[SourceVersion "1"]
[SourceVersionDate "2025.03.12"]
[SourceQuality "1"]

1. d4 d6 2. e4 Nf6 3. Nc3 g6 4. Be3 c6 5. Qd2 b5 6. Bd3 Bb7 7. Nf3 Bg7 8. Bh6 0-0 9. h4 Bxh6 10. Qxh6 Ng4 11. Qf4 h5 12. e5 Na6 13. Qg5 e6 14. exd6 Nb4 15. Ne4 Qb6 16. Nc5 Nxd3+ 17. Nxd3 Rad8 18. Nde5 Nxe5 19. Qxe5 Bc8 20. Qf4 Kg7 21. Nd2 f6 22. 0-0-0 c5 23. dxc5 Qxc5 24. Nb3 Qb6 25. f3 Bb7 26. Rhg1 Bd5 27. g4 hxg4 28. Qxg4 Qe3+ 29. Kb1 Qh6 30. h5 g5 31. f4 Rxd6 32. fxg5 fxg5 33. Qb4 Rfd8 34. Rdf1 Qxh5 35. Qd4+ Kh7 36. Qe5 Bxb3 37. axb3 Rd1+ 38. Ka2 R8d6 39. Rxd1 Rxd1 40. Rxg5 1-0

[Event "Wch U20 Girls 41st"]
[Site "Petrovac"]
[Date "2025.03.02"]
[Round "6"]
[White "Rakshitta, Ravi"]
[Black "Kaliakhmet, Elnaz"]
[Result "1-0"]
[WhiteElo "2365"]
[BlackElo "2242"]
[PlyCount "128"]
[EventDate "2025.02.25"]
[EventType "swiss"]
[EventRounds "11"]
[EventCountry "MNE"]
[SourceTitle "CB11_2025"]
[SourceDate "2025.03.12"]
[SourceVersion "1"]
[SourceVersionDate "2025.03.12"]
[SourceQuality "1"]

1. e4 c5 2. Nf3 Nc6 3. Nc3 e5 4. Bc4 d6 5. d3 Be7 6. h3 Nf6 7. Nh2 a6 8. a4 Be6 9. Ng4 Rb8 10. Nd5 Nxg4 11. hxg4 b5 12. Ba2 0-0 13. c3 Bg5 14. Be3 Bxe3 15. Nxe3 b4 16. Bd5 Bxd5 17. exd5 Na5 18. c4 Qf6 19. Rb1 b3 20. Qf3 Qxf3 21. gxf3 g6 22. Kd2 Kg7 23. Rh3 Rb4 24. Rbh1 Rxa4 25. Rxh7+ Kf6 26. Rg1 Kg5 27. Nd1 Ra1 28. Ke3 Kf6 29. g5+ Ke7 30. Kd2 Nb7 31. Re1 Kd7 32. Nc3 Rxe1 33. Kxe1 Ke7 34. Kd2 a5 35. Ne4 Ra8 36. Rh1 Ra6 37. Rh8 Kd7 38. Rh1 Rb6 39. Kc3 Rb4 40. Ra1 Ke7 41. Ra3 Kd7 42. Nd2 a4 43. Ne4 Kc7 44. Ra1 Kb6 45. Kd2 Kc7 46. Nc3 Kd7 47. Nxa4 Nd8 48. Nc3 Rb7 49. Ne4 Rb6 50. Kc3 Kc7 51. Ra3 Rb7 52. Ra6 Rb8 53. Nxd6 Kd7 54. Ne4 Nb7 55. Rb6 Kc7 56. Rc6+ Kd7 57. Nxc5+ Nxc5 58. Rxc5 Rh8 59. Ra5 Rh3 60. Ra7+ Ke8 61. c5 Rxf3 62. c6 e4 63. Ra8+ Ke7 64. c7 Kd6 1-0

[Event "Titled Tuesday intern op 28th Jan Early"]
[Site "Chess.com INT"]
[Date "2025.01.28"]
[Round "3"]
[White "Kaliakhmet, Elnaz"]
[Black "Hertlein, Irena"]
[Result "1-0"]
[WhiteElo "2215"]
[BlackElo "1982"]
[PlyCount "83"]
[EventDate "2025.01.28"]
[EventType "swiss (blitz)"]
[EventRounds "11"]
[EventCountry "USA"]
[SourceTitle "CB06_2025"]
[SourceDate "2025.02.05"]
[SourceVersion "1"]
[SourceVersionDate "2025.02.05"]
[SourceQuality "1"]

1. e4 c5 2. Nf3 d6 3. Bb5+ Bd7 4. Bxd7+ Qxd7 5. c4 Nc6 6. 0-0 g6 7. d4 cxd4 8. Nxd4 Bg7 9. Be3 Nf6 10. Nc3 Ng4 11. Nxc6 Nxe3 12. fxe3 bxc6 13. Qd3 0-0 14. c5 Rab8 15. b3 d5 16. Rad1 e6 17. exd5 cxd5 18. e4 Qc6 19. Na4 dxe4 20. Qc4 Rfd8 21. Rfe1 Rd5 22. Qxe4 Rbd8 23. Rxd5 exd5 24. Qe7 Bf6 25. Qxa7 d4 26. Qb6 Qd5 27. Qxf6 d3 28. Qc3 d2 29. Rd1 Qe4 30. Qf3 Qc2 31. Qe2 h5 32. h3 Kh7 33. Kh2 Qxa2 34. Nc3 Qxb3 35. Rxd2 Rxd2 36. Qxd2 Qc4 37. Qe3 f5 38. Ne2 Qa6 39. Qe5 Kh6 40. Nd4 Qf1 41. Ne6 g5 42. Qg7# 1-0

[Event "Titled Tuesday intern op 28th Jan Early"]
[Site "Chess.com INT"]
[Date "2025.01.28"]
[Round "8"]
[White "Kaliakhmet, Elnaz"]
[Black "Shokirjonova, Barchinoy"]
[Result "1-0"]
[WhiteElo "2215"]
[BlackElo "2061"]
[PlyCount "105"]
[EventDate "2025.01.28"]
[EventType "swiss (blitz)"]
[EventRounds "11"]
[EventCountry "USA"]
[SourceTitle "CB06_2025"]
[SourceDate "2025.02.05"]
[SourceVersion "1"]
[SourceVersionDate "2025.02.05"]
[SourceQuality "1"]

1. d4 Nf6 2. c4 g6 3. Nc3 d5 4. cxd5 Nxd5 5. e4 Nxc3 6. bxc3 Bg7 7. Nf3 0-0 8. Be3 c5 9. Qd2 Nc6 10. Rc1 Qa5 11. d5 Rd8 12. Bd3 Ne5 13. Nxe5 Bxe5 14. f4 Bg7 15. c4 Qc7 16. 0-0 b6 17. Be2 Bd7 18. e5 f6 19. Bf3 Rab8 20. d6 exd6 21. exd6 Qc8 22. Bd5+ Kh8 23. Rcd1 Bf5 24. Bf3 Bf8 25. Qc3 Kg7 26. h3 Rxd6 27. g4 Be6 28. Rxd6 Bxd6 29. Rd1 Be7 30. Bf2 Qc7 31. Bg3 Rd8 32. Re1 Bf7 33. Kg2 Rd4 34. f5 Qd7 35. Qe3 Bd6 36. Bh4 Rxc4 37. Bxf6+ Kxf6 38. Qh6 Rc2+ 39. Kh1 Rh2+ 40. Kg1 Be5 41. g5+ Ke7 42. Rxe5+ Kd6 43. Kxh2 Kxe5 44. Qg7+ Kf4 45. Qc3 Qxf5 46. Bg2 Qe5 47. Qf3+ Kxg5+ 48. Kh1 Be6 49. Qf2 Bf5 50. Qd2+ Qf4 51. Qd8+ Kh6 52. Qf8+ Kh5 53. Qe7 1-0

[Event "Titled Tuesday intern op 07th Jan Early"]
[Site "Chess.com INT"]
[Date "2025.01.07"]
[Round "5"]
[White "Dubrovich, Igor"]
[Black "Kaliakhmet, Elnaz"]
[Result "0-1"]
[WhiteElo "2042"]
[BlackElo "2215"]
[PlyCount "84"]
[EventDate "2025.01.07"]
[EventType "swiss (blitz)"]
[EventRounds "11"]
[EventCountry "USA"]
[SourceTitle "CB03_2025"]
[SourceDate "2025.01.15"]
[SourceVersion "1"]
[SourceVersionDate "2025.01.15"]
[SourceQuality "1"]

1. e4 e5 2. Nf3 Nc6 3. Bc4 Bc5 4. c3 Nf6 5. d3 0-0 6. 0-0 d5 7. exd5 Nxd5 8. h3 Bf5 9. Re1 Nb6 10. Bb5 Bd6 11. Nbd2 Re8 12. Ne4 Bf8 13. Be3 f6 14. Qe2 Kh8 15. Rad1 Nd5 16. Nc5 Qc8 17. Nh4 Nxe3 18. Qxe3 Be6 19. Nxe6 Qxe6 20. Bc4 Qd7 21. Qf3 Na5 22. Qh5 Nxc4 23. dxc4 Qc6 24. b3 Rad8 25. Qf7 Bd6 26. Nf5 Rg8 27. Re3 Qe8 28. Qxe8 Rgxe8 29. Nxd6 Rxd6 30. Rxd6 cxd6 31. Rd3 Rd8 32. Kf1 Kg8 33. Ke2 Kf7 34. Ke3 Ke6 35. f3 f5 36. g4 g6 37. gxf5+ gxf5 38. Rd2 Rg8 39. Rd5 Rg3 40. Rb5 b6 41. a4 e4 42. a5 Rxf3+ 0-1